Sản xuất bạc hà

Uloženo v:
Podrobná bibliografie
Hlavní autor: Topatov, V
Médium: Kniha
Jazyk:Undetermined
Vydáno: Hà Nội Nông nghiệp 1979
Témata:
Tagy: Přidat tag
Žádné tagy, Buďte první, kdo otaguje tento záznam!
Thư viện lưu trữ: Trung tâm Học liệu Trường Đại học Cần Thơ
LEADER 00526nam a2200181Ia 4500
001 CTU_13568
008 210402s9999 xx 000 0 und d
082 |a 633.85 
082 |b T673 
100 |a Topatov, V 
245 0 |a Sản xuất bạc hà 
245 0 |c V Topatov, T Popov, S Mikhailov 
260 |a Hà Nội 
260 |b Nông nghiệp 
260 |c 1979 
650 |a medical plants,vegetable oils 
904 |i Nguyễn Quang Điền, 961206 
980 |a Trung tâm Học liệu Trường Đại học Cần Thơ